000 00257nam a22001217a 4500
008 170502b xxu||||| |||| 00| 0 eng d
041 _aeng
080 _a343.9
100 _a14
101 _aSHJ
245 _aCRIMINAL LAW
_cGARDNER, TH.J
942 _2udc
_cBK
999 _c12366
_d12366